000 00350nam a2200133Ia 4500
008 240624s9999 xx 000 0 und d
041 _aeng
082 _a149.73 LAU
100 _aLAUDAN LARRY
245 _aSCIENCE AND RELATIVISM SOME KEY CONTROVE
260 _c1990
_aChicago
_bThe University of Chicago Press
300 _a194 : p.
365 _c
_b25
999 _c20558
_d20558